Get the Picture: Steve Martin or Bill Murray? Quiz Stats

 Plays Quiz Updated Jun 24, 2019

Score 0/16 Timer 02:00
3 Plays Today
Question Answer Wrong Answers
Ghostbusters Bill Murray
97.2%
Steve Martin
1.2%
Groundhog Day Bill Murray
96.9%
Steve Martin
1.4%
Father of the Bride Steve Martin
96.2%
Bill Murray
2.3%
Caddyshack Bill Murray
93.3%
Steve Martin
4.9%
Roxanne Steve Martin
91.6%
Bill Murray
6.8%
The Jerk Steve Martin
91.4%
Bill Murray
6.8%
Lost in Translation Bill Murray
90.9%
Steve Martin
7.3%
Planes, Trains and Automobiles Steve Martin
90.5%
Bill Murray
7.7%
Stripes Bill Murray
89%
Steve Martin
9.3%
Dirty Rotten Scoundrels Steve Martin
85.6%
Bill Murray
12.7%
Kingpin Bill Murray
84.1%
Steve Martin
14.2%
Rushmore Bill Murray
83.9%
Steve Martin
14.3%
L.A. Story Steve Martin
74.4%
Bill Murray
23.6%
The Lonely Guy Steve Martin
72.1%
Bill Murray
26.1%
Bowfinger Steve Martin
71.1%
Bill Murray
27.3%
The Man Who Knew Too Little Bill Murray
45.8%
Steve Martin
52.6%

Today's Daily Dose

You're not logged in!

Compare scores with friends on all Sporcle quizzes.
OR
Log In

Sporcle TV

Today on Sporcle TV


Watch our educational content, quiz creation guides, and fun videos on Sporcle TV.

Show Comments

Extras

Top Quizzes Today


Score Distribution

Your Account Isn't Verified!

In order to create a playlist on Sporcle, you need to verify the email address you used during registration. Go to your Sporcle Settings to finish the process.

Report this User

Report this user for behavior that violates our Community Guidelines.

Details: